[Event "Oberliga Northwest 1993/94"]
[Site "masterchessopen.com – Germany"]
[Round "0"]
[White "Sawatzki Frank (GER)"]
[Black "Wenzel Reinhard (GER)"]
[Result "1-0"]
[WhiteElo "2265"]
[BlackElo "2244"]

1.e4 c5 2.Nf3 d6 3.d4 cxd4 4.Nxd4 Nf6 5.Nc3 Nc6 6.Bg5 e6 7.Qd2 Be7 8.O-O-O a6
9.f4 Bd7 10.Kb1 Nxd4 11.Qxd4 Bc6 12.e5 dxe5 13.Qxe5 Qb8 14.Qe3 O-O 15.Bd3 g6
16.Qh3 Re8 17.Rhf1 b5 18.Qh4 b4 19.Ne2 Nd5 20.Bxe7 Rxe7 21.Nd4 Rc7 22.Rde1 a5
23.f5 exf5 24.Rxf5 Nc3+ 25.Ka1 Bd5 26.Rfe5 Rc8 27.Nf5 Rc7 28.Qh6 Qf8 29.Re8
gxf5 30.Qxf8# 1-0

[Event "It (open)"]
[Site "masterchessopen.com – Hastings (England)"]
[Round "0"]
[White "Gallagher Joseph G (SUI)"]
[Black "McCamon Boyd (SCO)"]
[Result "1-0"]
[WhiteElo "2470"]
[BlackElo "2260"]

1.e4 c5 2.Nf3 d6 3.d4 cxd4 4.Nxd4 Nf6 5.Nc3 Nc6 6.Bg5 e6 7.Qd2 a6 8.O-O-O Bd7
9.f4 Be7 10.Nf3 b5 11.e5 b4 12.exf6 bxc3 13.Qxc3 gxf6 14.Bh4 d5 15.Kb1 Rg8
16.f5 e5 17.Rxd5 Qb6 18.Bd3 Nb4 19.Rxd7 Kxd7 20.Be4 Rad8 21.a3 Nc6 22.Rd1+ Kc7
23.Rxd8 Rxd8 24.Nxe5 fxe5 25.Bxe7 Rd1+ 26.Ka2 Kd7 27.Bc5 Qc7 28.Qf3 Rd2 29.Qe3
Rd1 30.Qe2 Rh1 31.g3 {#r} 1-0

[Event "Ch Finland"]
[Site "masterchessopen.com – Helsinki (Finland)"]
[Round "0"]
[White "Holmsten Aleksei (FIN)"]
[Black "Pulkkinen Kari (FIN)"]
[Result "0-1"]
[WhiteElo "2350"]
[BlackElo "2263"]

1.e4 c5 2.Nf3 d6 3.d4 cxd4 4.Nxd4 Nf6 5.Nc3 Nc6 6.Bg5 e6 7.Qd2 a6 8.O-O-O Bd7
9.f4 Be7 10.Nf3 b5 11.Bd3 b4 12.Ne2 Qa5 13.Kb1 O-O 14.Bxf6 Bxf6 15.e5 dxe5
16.Bxh7+ Kxh7 17.Qxd7 Rac8 18.h4 b3 19.cxb3 exf4 20.a3 Kg8 21.Qd2 Qb6 22.Nxf4
Rfd8 23.Qe2 Qxb3 24.Rxd8+ Rxd8 25.Nh5 Be7 26.Qc2 Qb5 27.a4 Qxh5 28.Qxc6 Bf6
29.Rc1 Rb8 30.Rc2 Qf5 31.Ka2 Qd3 32.Nd2 Bxb2 33.Rxb2 Rxb2+ 34.Kxb2 Qxd2+
35.Kb3 a5 36.Qe4 g6 37.Qa8+ Kg7 {#R} 0-1

[Event "It \"]
[Site "masterchessopen.com – Jyvaskyla (Finland)"]
[Round "5"]
[White "Salmensuu Olli (FIN)"]
[Black "Yrjola Jouni (FIN)"]
[Result "0-1"]
[WhiteElo "2395"]
[BlackElo "2362"]

1.e4 c5 2.d4 cxd4 3.Nf3 Nc6 4.Nxd4 Nf6 5.Nc3 d6 6.Bg5 e6 7.Qd2 a6 8.O-O-O Bd7
9.f4 Be7 10.Nf3 b5 11.e5 b4 12.exf6 bxc3 13.Qxc3 gxf6 14.Rxd6 Bxd6 15.Bxf6 Bb4
{#R} 0-1

[Event "Ch Iceland (team)"]
[Site "masterchessopen.com – Reykjavik (Iceland)"]
[Round "0"]
[White "Jonsson Bjorgvin (ISL)"]
[Black "Gretarsson Andri A (ISL)"]
[Result "1-0"]
[WhiteElo "2385"]
[BlackElo "2330"]

1.e4 c5 2.Nf3 d6 3.d4 cxd4 4.Nxd4 Nf6 5.Nc3 a6 6.Bg5 Nc6 7.Qd2 e6 8.O-O-O Be7
9.f4 Bd7 10.Nf3 Qc7 11.Bxf6 gxf6 12.Bd3 O-O-O 13.f5 Kb8 14.Kb1 Qa5 15.Rhe1 h5
16.g3 Ne5 17.Be2 Bf8 18.a3 Qb6 19.Qd4 Qc7 20.Qf2 Ng4 21.Qg1 d5 22.fxe6 fxe6
23.Nd4 Bxa3 24.exd5 e5 25.Nb3 Bb4 26.h3 Bxc3 27.bxc3 Nh6 28.c4 Bxh3 29.c5 Bg4
30.Bxg4 Nxg4 31.Re4 Ka8 32.Rb4 f5 33.Rb6 Rh6 34.d6 Qc8 35.Na5 Rh7 36.Rd3 Nf6
37.c6 bxc6 38.Nxc6 Nd5 39.Rxd5 Rb7 40.Nxd8 {#r} 1-0

[Event "Ch World (juniors) (under 14)"]
[Site "masterchessopen.com – Szeged (Hungary)"]
[Round "0"]
[White "Kanatov Askar (KAZ)"]
[Black "Argiroudis Stamatis (GRE)"]
[Result "0-1"]
[WhiteElo "2419"]
[BlackElo "2292"]

1.e4 c5 2.Nf3 Nc6 3.d4 cxd4 4.Nxd4 Nf6 5.Nc3 d6 6.Bg5 e6 7.Qd2 a6 8.O-O-O Bd7
9.f4 Be7 10.Nf3 b5 11.e5 b4 12.exf6 bxc3 13.Qxc3 gxf6 14.Bh6 d5 15.Qe1 Qb6
16.f5 e5 17.Rxd5 Rb8 18.b3 Bxf5 19.Be3 Qc7 20.c4 Be4 21.Bb6 Ba3+ 22.Kd2 Bb4+
23.Kc1 Ba3+ 24.Kd2 Qxb6 25.Qxe4 Nb4 26.Nxe5 Nxd5 27.Nc6+ Kf8 28.Nxb8 Qa5+
29.Kc2 Qc3+ 30.Kd1 Qc1+ {#R} 0-1

[Event "Ch NRW (juniors) (under 15)"]
[Site "masterchessopen.com – Bad Driburg (Germany)"]
[Round "4"]
[White "Schumacher Dennis (GER)"]
[Black "Handke Florian (GER)"]
[Result "1-0"]
[WhiteElo "2053"]
[BlackElo "2518"]

1.e4 c5 2.Nf3 e6 3.d4 cxd4 4.Nxd4 Nf6 5.Nc3 d6 6.Bg5 Nc6 7.f4 a6 8.Qd2 Be7
9.O-O-O Bd7 10.Nb3 b5 11.Bd3 O-O 12.h4 b4 13.Ne2 a5 14.Nbd4 Qb8 15.h5 a4
16.Kb1 b3 17.cxb3 axb3 18.a3 h6 19.Bh4 Nxd4 20.Nxd4 Ra4 21.Qf2 Qa8 22.e5 dxe5
23.fxe5 Bxa3 24.exf6 Bc5 25.Kc1 Rxd4 26.Qg3 Qa1+ 27.Kd2 Qxb2+ 28.Ke1 Bb4+
29.Kf1 g6 30.hxg6 Bc5 31.gxf7+ Kxf7 32.Qg6# 1-0

[Event "Ch Colombia (1/2 final)"]
[Site "masterchessopen.com – Barranquilla (Colombia)"]
[Round "3"]
[White "Cayon Rafael"]
[Black "Minaya Juan (COL)"]
[Result "0-1"]
[WhiteElo "2005"]
[BlackElo "2260"]

1.e4 c5 2.Nf3 d6 3.d4 cxd4 4.Nxd4 Nf6 5.Nc3 Nc6 6.Bg5 e6 7.Qd2 a6 8.O-O-O Bd7
9.f4 Be7 10.Be2 Qc7 11.Bf3 Na5 12.Rhe1 h6 13.Bxf6 Bxf6 14.Nf5 exf5 15.exf5+
Kd8 16.Nd5 Bxb2+ 17.Kxb2 Nc4+ 18.Kc1 Nxd2 19.Nxc7 Nxf3 20.Nxa8 Nxe1 21.Rxe1
Bxf5 22.Nb6 Be6 23.Kb2 Re8 24.Na4 Bd7 25.Rxe8+ Bxe8 26.Nb6 Bc6 27.g3 Be4
28.Nc4 Kc7 29.Nd2 d5 30.c4 Kd6 31.Kc3 f5 32.Kd4 b6 33.g4 fxg4 34.Nxe4+ dxe4
35.Kxe4 g6 36.Kd4 h5 {#R} 0-1

[Event "It (open) \"]
[Site "masterchessopen.com – Cologne (Germany)"]
[Round "7"]
[White "Holzke Frank (GER)"]
[Black "Richter Goetz (GER)"]
[Result "1-0"]
[WhiteElo "2375"]
[BlackElo "2018"]

1.e4 c5 2.Nf3 Nc6 3.d4 cxd4 4.Nxd4 Nf6 5.Nc3 d6 6.Bg5 e6 7.Qd2 a6 8.O-O-O Bd7
9.f4 Be7 10.Nf3 b5 11.e5 b4 12.exf6 bxc3 13.Qxc3 gxf6 14.Bh4 d5 15.Nd4 Rc8
16.Kb1 Na5 17.Qg3 Qb6 18.Qg7 Rf8 19.Bxf6 Ba3 20.b3 Ba4 21.f5 Qb4 22.fxe6 Qc3
23.exf7+ Rxf7 24.Bb5+ {#r} 1-0

[Event "Bundesliga 1994/95 (w)"]
[Site "masterchessopen.com – Germany"]
[Round "0"]
[White "Paehtz Elisabeth (GER)"]
[Black "Winter Astrid (GER)"]
[Result "0-1"]
[WhiteElo "2461"]
[BlackElo "2020"]

1.e4 c5 2.Nf3 Nc6 3.d4 cxd4 4.Nxd4 Nf6 5.Nc3 e6 6.Bg5 Be7 7.f4 d6 8.Qd2 a6
9.O-O-O Bd7 10.f5 b5 11.Qe3 Ng4 12.Bxe7 Nxe3 13.Bxd8 Nxd1 14.Nxc6 Nxc3 15.bxc3
Bxc6 {#R} 0-1

[Event "Ch Niederbayern"]
[Site "masterchessopen.com – Niederbayern (Germany)"]
[Round "3"]
[White "Heyne Martin (GER)"]
[Black "Scholl Reinhard"]
[Result "1-0"]
[WhiteElo "2199"]
[BlackElo "1885"]

1.e4 c5 2.Nf3 Nc6 3.d4 cxd4 4.Nxd4 Nf6 5.Nc3 d6 6.Bg5 e6 7.Qd2 a6 8.O-O-O Bd7
9.f4 Be7 10.Nxc6 Bxc6 11.Bd3 Qa5 12.Kb1 h6 13.Bh4 Rd8 14.Qf2 g5 15.Bg3 Nh5
16.Rhf1 Rf8 17.Rde1 gxf4 18.Bxf4 Nxf4 19.Qxf4 Qg5 20.Qf2 Rc8 21.Re3 Kd8 22.Rf3
Be8 23.Qa7 Rc7 24.a4 Bc6 25.Bc4 Kd7 26.Qf2 f6 27.Bb3 b5 28.Qb6 Ra8 29.Bxe6+
Kd8 30.Bd5 {#r} 1-0

[Event "It \"]
[Site "masterchessopen.com – Philadelphia (USA)"]
[Round "1"]
[White "Popovych Orest (USA)"]
[Black "Belanger Jacques (USA)"]
[Result "1-0"]
[WhiteElo "2275"]
[BlackElo "2168"]

1.e4 c5 2.Nf3 Nc6 3.d4 cxd4 4.Nxd4 Nf6 5.Nc3 d6 6.Bg5 e6 7.Qd2 a6 8.O-O-O Bd7
9.f4 Be7 10.Nf3 b5 11.Bd3 Qa5 12.Kb1 b4 13.Ne2 Qc5 14.Nc1 a5 15.Rhe1 a4
16.Bxf6 gxf6 17.Bf1 Na5 18.Nd3 Nc4 19.Qxb4 Qc7 20.Qc3 d5 21.Ka1 Bc6 22.exd5
Bxd5 23.Nb4 a3 24.b3 Qa5 25.Nxd5 Qxc3+ 26.Nxc3 Bb4 27.Nb5 Bxe1 28.Rxe1 {#r}
1-0

[Event "Ch Czech Chess Union (open)"]
[Site "masterchessopen.com – Prague (Czech Republic)"]
[Round "9"]
[White "Bargel Martin (CZE)"]
[Black "Stoklasa Jan (CZE)"]
[Result "1-0"]
[WhiteElo "2162"]
[BlackElo "2188"]

1.e4 c5 2.Nf3 d6 3.d4 cxd4 4.Nxd4 Nf6 5.Nc3 Nc6 6.Bg5 e6 7.Qd2 Be7 8.O-O-O a6
9.f4 Bd7 10.Nf3 b5 11.e5 b4 12.Ne2 dxe5 13.fxe5 Ne4 14.Bxe7 Nxd2 15.Bxd8 Nxf3
16.gxf3 Rxd8 17.f4 Bc8 18.Bg2 Bb7 19.c3 bxc3 20.Nxc3 Na5 21.Rxd8+ Kxd8 22.Bxb7
Nxb7 23.Rg1 Rg8 24.Ne4 Ke7 25.Kb1 g6 26.Rc1 Kd8 27.Rc6 a5 28.Nf6 Rg7 29.h4 h6
30.Ra6 Nc5 31.Rxa5 g5 32.hxg5 hxg5 33.Rxc5 gxf4 34.Rc3 Rg5 35.Rf3 Rxe5 36.Rxf4
Re2 37.a4 e5 38.Re4 Rxe4 39.Nxe4 f5 40.Nd6 f4 41.Nf7+ {#r} 1-0

[Event "Ch Aragon (team)"]
[Site "masterchessopen.com – Aragon (Spain)"]
[Round "0"]
[White "Delgado Gonzalez Jos (ESP)"]
[Black "Hernandez Gilberto (MEX)"]
[Result "0-1"]
[WhiteElo "2078"]
[BlackElo "2560"]

1.e4 c5 2.Nf3 Nc6 3.d4 cxd4 4.Nxd4 Nf6 5.Nc3 d6 6.Bg5 a6 7.Qd2 e6 8.O-O-O Bd7
9.f4 Be7 10.Nf3 b5 11.a3 h6 12.Bh4 b4 13.axb4 Nxb4 14.Bxf6 Qa5 15.Kb1 gxf6
16.Bc4 Qc5 17.Qd4 Rc8 18.Bb3 h5 19.Rhe1 Qxd4 20.Nxd4 Bd8 21.f5 e5 22.Nf3 Ke7
23.Nd2 Bb6 24.Nc4 Bd4 25.Nxd6 Kxd6 26.Ne2 Ke7 27.c3 Bc5 28.cxb4 Bxb4 29.Nc3
Bxc3 30.bxc3 Rxc3 31.Kb2 Rc7 32.Rd3 Rg8 33.g3 Rb8 34.Ka2 Bb5 35.Rd2 Bc4
36.Bxc4 Rxc4 {#R} 0-1

[Event "Ch Catalunia"]
[Site "masterchessopen.com – Barcelona (Spain)"]
[Round "3"]
[White "Vehi Bach Victor M (ESP)"]
[Black "Ayas Fernandez Antonio (ESP)"]
[Result "1-0"]
[WhiteElo "2365"]
[BlackElo "2270"]

1.e4 c5 2.Nf3 d6 3.d4 cxd4 4.Nxd4 Nf6 5.Nc3 Nc6 6.Bg5 e6 7.Qd2 a6 8.O-O-O Bd7
9.f4 Be7 10.Nf3 O-O 11.e5 dxe5 12.Bxf6 Bxf6 13.Qxd7 Qa5 14.fxe5 Nxe5 15.Qa4
Qc7 16.Ne4 Be7 17.Qb3 b5 18.Qc3 Nc4 19.Bxc4 bxc4 20.Ne5 Rfd8 21.Rxd8+ Rxd8
22.Rd1 Rd5 23.Nxc4 Qxh2 24.Ne3 Rxd1+ 25.Kxd1 f5 26.Nf2 f4 27.Neg4 Qxg2 28.Qc7
Qd5+ 29.Ke2 Bd6 30.Qc8+ Kf7 31.Qxa6 h5 32.Nh2 Bc5 33.Nf3 g5 34.Qd3 Qxd3+
35.cxd3 g4 36.Ne5+ Kg7 37.Ne4 Be7 38.a4 Bd8 39.b4 {#r} 1-0

[Event "Czech League 1995/96 (2nd) (c)"]
[Site "masterchessopen.com – Czech Republic"]
[Round "11"]
[White "Kincl Pavel (CZE)"]
[Black "Sobek Jaroslav (CZE)"]
[Result "0-1"]
[WhiteElo "2048"]
[BlackElo "2270"]

1.e4 c5 2.Nf3 d6 3.d4 cxd4 4.Nxd4 Nf6 5.Nc3 a6 6.Bg5 e6 7.Qd2 Be7 8.O-O-O Nc6
9.f4 Bd7 10.Nf3 h6 11.Bh4 Qc7 12.e5 dxe5 13.fxe5 Nd5 14.Nxd5 exd5 15.Bxe7 Nxe7
16.Bd3 Nc6 17.Rhe1 O-O-O 18.Kb1 Be6 19.c3 Kb8 20.Qf4 g5 21.Qg3 d4 22.cxd4 Nxd4
23.Nxd4 Rxd4 24.b3 Rhd8 25.Rc1 Rxd3 26.Qf2 Rc3 {#R} 0-1

[Event "Bayern Oberliga"]
[Site "masterchessopen.com – Germany"]
[Round "7"]
[White "Epding Olaf (GER)"]
[Black "Rosenberger Berthold (GER)"]
[Result "0-1"]
[WhiteElo "2228"]
[BlackElo "2217"]

1.e4 c5 2.Nf3 Nc6 3.d4 cxd4 4.Nxd4 d6 5.Nc3 Nf6 6.Bg5 e6 7.Qd2 a6 8.O-O-O Bd7
9.f4 Be7 10.Nf3 Qc7 11.e5 dxe5 12.fxe5 Nd5 13.Nxd5 exd5 14.Bxe7 Nxe7 15.Bd3
O-O-O 16.Kb1 h6 17.Nd4 Nc6 18.Nxc6 Qxc6 19.Qf4 Be6 20.Qg3 g6 21.Rhf1 h5 22.Rf4
Rhe8 23.Rdf1 Re7 24.Rf6 Qc7 25.Qf4 Rde8 26.h3 Qc5 27.Qf2 d4 28.Qg3 Bd5 29.c3
Rxe5 30.cxd4 Qxd4 31.Rc1+ Kb8 32.Rf4 Qe3 33.Qxe3 Rxe3 34.Bc4 Be4+ 35.Ka1 Rc8
36.Rff1 Bxg2 37.Rg1 Bxh3 38.Bxf7 Rxc1+ 39.Rxc1 Bf5 40.b3 Re7 41.Bd5 g5 {#R}
0-1

[Event "It"]
[Site "masterchessopen.com – Goteborg (Sweden)"]
[Round "7"]
[White "Moberg Karl Johan (SWE)"]
[Black "Schneider Lars-Ake (SWE)"]
[Result "1-0"]
[WhiteElo "2390"]
[BlackElo "2400"]

1.e4 c5 2.Nf3 Nc6 3.d4 cxd4 4.Nxd4 Nf6 5.Nc3 d6 6.Bg5 e6 7.Qd2 a6 8.O-O-O Bd7
9.f4 Be7 10.Nf3 b5 11.a3 b4 12.axb4 Nxb4 13.Bc4 Rc8 14.Bb3 Bc6 15.Nd4 Qa5
16.Kb1 Nxe4 17.Nxe4 Bxe4 18.Bxe7 Kxe7 19.Qe1 d5 20.Qh4+ Kf8 21.Rhe1 h6 22.g4
Kg8 23.f5 exf5 24.gxf5 Kh7 25.Rxe4 dxe4 26.Qxe4 Rhe8 27.Qg4 Rcd8 28.Bxf7 Rf8
29.Qg6+ Kh8 30.f6 {#r} 1-0

[Event "Tournament (team) (w)"]
[Site "masterchessopen.com – Leon (Spain)"]
[Round "8"]
[White "Koglin Anke (GER)"]
[Black "Darchia Diana (GEO)"]
[Result "0-1"]
[WhiteElo "2195"]
[BlackElo "2105"]

1.e4 c5 2.Nf3 Nc6 3.d4 cxd4 4.Nxd4 Nf6 5.Nc3 d6 6.Bg5 e6 7.Qd2 a6 8.O-O-O Bd7
9.f4 Be7 10.Nb3 b5 11.Bxf6 gxf6 12.Bd3 Qb6 13.Kb1 b4 14.Na4 Qb7 15.Qf2 Rb8
16.Nd2 Na5 17.b3 Bxa4 18.bxa4 Qc6 19.Nb3 Nc4 20.Bxc4 Qxc4 21.Rd4 Qc6 22.Rhd1
Qxa4 23.f5 Qb5 24.Qg3 Kf8 25.Qh3 Qe5 26.Qh6+ Ke8 27.Rc4 Qb5 28.Qg7 Rf8 29.Rcd4
a5 30.Qxh7 a4 31.Nc1 Rc8 32.fxe6 fxe6 33.Qh3 Kd7 34.Qd3 Qb6 35.Ne2 Rc3 36.Qd2
Rfc8 37.Rc1 Rb8 38.h4 Ra3 39.Rd1 b3 40.cxb3 axb3 {#R} 0-1

[Event "Ch Sweden (team) 1995/96"]
[Site "masterchessopen.com – Sweden"]
[Round "0"]
[White "Vilchez Victor (PER)"]
[Black "Schutz Ingemar (SWE)"]
[Result "1-0"]
[WhiteElo "2228"]
[BlackElo "2194"]

1.e4 c5 2.Nf3 d6 3.d4 cxd4 4.Nxd4 Nf6 5.Nc3 Nc6 6.Bg5 e6 7.Qd2 a6 8.O-O-O Bd7
9.f4 Be7 10.Nf3 b5 11.Bd3 b4 12.Ne2 Qa5 13.Kb1 Rb8 14.Nc1 O-O 15.g4 Rfd8
16.Bxf6 Bxf6 17.g5 Bc3 18.Qe3 g6 19.Nb3 Qc7 20.bxc3 bxc3 21.Be2 a5 22.Qxc3 a4
23.h4 axb3 24.cxb3 Rdc8 25.h5 e5 26.hxg6 hxg6 27.fxe5 dxe5 28.Bc4 Bg4 29.Rh4
Nd4 30.Rxd4 Bxf3 31.Qxf3 exd4 32.Qf6 Rxb3+ 33.axb3 {#r} 1-0

[Event "It (open)"]
[Site "masterchessopen.com – Zlin (Czech Republic)"]
[Round "0"]
[White "Goloshchapov Alexander (UKR)"]
[Black "Vecera Pavel (CZE)"]
[Result "1-0"]
[WhiteElo "2455"]
[BlackElo "2203"]

1.e4 c5 2.Nf3 d6 3.d4 cxd4 4.Nxd4 Nf6 5.Nc3 Nc6 6.Bg5 e6 7.Qd2 Be7 8.O-O-O a6
9.f4 Bd7 10.Be2 b5 11.Bf3 Rc8 12.Bxf6 gxf6 13.Nxc6 Bxc6 14.f5 b4 15.Ne2 Ba4
16.b3 Qa5 17.bxa4 O-O 18.Kb1 Qxa4 19.Qd3 e5 20.Qb3 Qc6 21.Rd5 a5 22.Rxa5 Bd8
23.Rd5 Bb6 24.Rhd1 Bc5 25.Bh5 Rc7 26.R1d3 Ra8 27.Qc4 Ra4 28.Bxf7+ Kf8 29.Rxc5
Qxc5 30.Qxc5 dxc5 31.Bc4 Ra8 32.Rd6 Kg7 33.Ng3 {#r} 1-0

[Event "It (open) (juniors)"]
[Site "masterchessopen.com – Abrafaxe (Germany)"]
[Round "1"]
[White "Paehtz Thomas Jr (GER)"]
[Black "Gehlhaar Christian (GER)"]
[Result "1-0"]
[WhiteElo "2135"]
[BlackElo "2092"]

1.e4 c5 2.Nf3 Nc6 3.d4 cxd4 4.Nxd4 Nf6 5.Nc3 d6 6.Bg5 e6 7.Qd2 Be7 8.O-O-O a6
9.f4 Bd7 10.Nf3 Qc7 11.e5 dxe5 12.fxe5 Ng8 13.Ne4 Bxg5 14.Nfxg5 Nxe5 15.Nd6+
Ke7 16.Qf4 f6 17.Qb4 a5 18.Nf5+ Kd8 19.Qf8# 1-0

[Event "It (open)"]
[Site "masterchessopen.com – Aschach (Austria)"]
[Round "2"]
[White "Trkulja Zoran (AUT)"]
[Black "Stanec Nikolaus (AUT)"]
[Result "0-1"]
[WhiteElo "2198"]
[BlackElo "2465"]

1.e4 c5 2.Nf3 Nc6 3.d4 cxd4 4.Nxd4 Nf6 5.Nc3 d6 6.Bg5 e6 7.Qd2 Be7 8.O-O-O a6
9.f4 Bd7 10.Nf3 b5 11.Kb1 b4 12.Bxf6 Bxf6 13.Ne2 Be7 14.g4 Qb6 15.Ned4 Nxd4
16.Nxd4 a5 17.g5 a4 18.f5 b3 19.cxb3 axb3 20.a3 e5 21.f6 exd4 22.fxe7 Kxe7
23.Qxd4 Qxd4 24.Rxd4 h6 25.gxh6 Rxh6 26.Bc4 Ra4 27.Rhd1 Rxh2 28.Bxb3 Rxd4
29.Rxd4 g5 30.Rd1 g4 31.Rg1 Rf2 32.Bd5 f5 33.exf5 Bxf5+ 34.Ka1 Rd2 35.Bh1 d5
36.a4 Kd6 37.Ka2 d4 38.a5 Kc5 39.a6 Kb6 40.Bb7 d3 {#R} 0-1

[Event "It (open)"]
[Site "masterchessopen.com – Bad Wiessee (Germany)"]
[Round "8"]
[White "Saathoff Richard (GER)"]
[Black "Chapman Alan (ENG)"]
[Result "1-0"]
[WhiteElo "2169"]
[BlackElo "2081"]

1.e4 c5 2.Nf3 Nc6 3.d4 cxd4 4.Nxd4 Nf6 5.Nc3 d6 6.Bg5 e6 7.Qd2 a6 8.O-O-O Bd7
9.f4 Be7 10.Nf3 h6 11.Bh4 Qc7 12.Kb1 b5 13.e5 dxe5 14.fxe5 Nd5 15.Nxd5 exd5
16.Bxe7 Nxe7 17.Qb4 Be6 18.Bd3 O-O 19.Qh4 a5 20.Bxb5 Rfb8 21.a4 Nc6 22.Rd3 Na7
23.Rc3 Qb6 24.Rb3 Qc7 25.Nd4 Qxe5 26.Re1 Qd6 27.Rg3 Nxb5 28.Nxb5 Qb4 29.Qxb4
axb4 30.b3 Bd7 31.Nc7 Ra5 32.Re7 Rd8 33.Rf3 f6 34.Rf4 Kf8 35.Re1 Rb8 36.Rd4
Bc6 37.Re6 Bb7 38.Rb6 Rc5 39.Ne6+ {#r} 1-0

[Event "Extra League 1997/98"]
[Site "masterchessopen.com – Czech Republic"]
[Round "4"]
[White "Pribyl Martin (CZE)"]
[Black "Firt Stanislav (CZE)"]
[Result "1-0"]
[WhiteElo "2355"]
[BlackElo "2340"]

1.e4 c5 2.Nf3 d6 3.d4 cxd4 4.Nxd4 Nf6 5.Nc3 Nc6 6.Bg5 e6 7.Qd2 a6 8.O-O-O Bd7
9.f4 Be7 10.Be2 b5 11.Bf3 Rc8 12.Kb1 Qb6 13.Nxc6 Bxc6 14.Bxf6 gxf6 15.f5 b4
16.Ne2 e5 17.Ng3 Qc5 18.Rhe1 Bf8 19.Nh5 Ke7 20.g4 Rg8 21.h4 a5 22.g5 fxg5
23.hxg5 a4 24.g6 f6 25.gxh7 Rh8 26.Nxf6 Kxf6 27.Rg1 Ke7 28.f6+ Kd8 29.Rg8 Rxh7
30.Rxf8+ Kc7 31.Rxc8+ Kxc8 32.Qg2 Kc7 33.Bg4 Qc4 34.Bf5 Rf7 35.Qg8 Kb6 36.Qb8+
Kc5 37.Qxd6+ Kb5 38.Be6 {#r} 1-0

[Event "Ch Finland (open)"]
[Site "masterchessopen.com – Naantali (Finland)"]
[Round "0"]
[White "Holmsten Aleksei (FIN)"]
[Black "Heino Juha (FIN)"]
[Result "1-0"]
[WhiteElo "2355"]
[BlackElo "2081"]

1.e4 c5 2.Nf3 Nc6 3.d4 cxd4 4.Nxd4 d6 5.Nc3 Nf6 6.Bg5 e6 7.Qd2 Be7 8.O-O-O a6
9.f4 Bd7 10.Nf3 Rc8 11.g4 Qa5 12.Kb1 Rc7 13.e5 dxe5 14.Nxe5 Nxe5 15.fxe5 Nd5
16.Nb5 Bb4 17.Nxc7+ Qxc7 18.Qd4 O-O 19.Bg2 Nc3+ 20.bxc3 Bxc3 21.Qd6 Qa5 22.Rd3
Ba4 23.Kc1 Bxe5 24.Qa3 Rc8 25.Rd8+ Rxd8 26.Bxd8 Bf4+ 27.Kb2 Qb5+ 28.Ka1 Bxc2
29.Ba5 Qe2 30.Bxb7 h6 31.Bc3 Bd3 32.h3 e5 33.Qc5 Bc4 34.Qa3 Qd3 35.Qb2 f6
36.Bg2 Be3 37.Rb1 Bf7 38.Bf1 Qd5 39.Bxa6 Bf4 40.Be2 e4 41.Bd1 Qd3 42.h4 e3
43.h5 {#r} 1-0

[Event "It (open) (juniors)"]
[Site "masterchessopen.com – Plzen (Czech Republic)"]
[Round "5"]
[White "Konigova Petra (CZE)"]
[Black "Hrbolka Ladislav Jr (CZE)"]
[Result "0-1"]
[WhiteElo "1785"]
[BlackElo "2159"]

1.e4 c5 2.Nf3 d6 3.d4 cxd4 4.Nxd4 Nf6 5.Nc3 Nc6 6.Bg5 e6 7.Qd2 Be7 8.O-O-O a6
9.f4 Bd7 10.Bxf6 Bxf6 11.Nf3 Be7 12.g4 O-O 13.h4 b5 14.f5 Na5 15.e5 d5 16.f6
gxf6 17.Qh6 Re8 18.Bd3 f5 19.gxf5 Bf8 20.Rhg1+ Kh8 21.Ng5 Bxh6 {#R} 0-1

[Event "It (open)"]
[Site "masterchessopen.com – Portoroz (Slovenia)"]
[Round "5"]
[White "Fercec Nenad (CRO)"]
[Black "Riegler Primoz (SLO)"]
[Result "1-0"]
[WhiteElo "2450"]
[BlackElo "2315"]

1.e4 c5 2.Nf3 Nc6 3.d4 cxd4 4.Nxd4 Nf6 5.Nc3 d6 6.Bg5 e6 7.Qd2 a6 8.O-O-O Bd7
9.f4 Be7 10.Nf3 b5 11.Kb1 b4 12.Bxf6 Bxf6 13.Ne2 Be7 14.g4 Qb6 15.Ng3 O-O
16.g5 Rfd8 17.f5 Ne5 18.Nd4 Rac8 19.f6 Bf8 20.fxg7 Bxg7 21.Nh5 Bc6 22.Nxg7
Kxg7 23.Qf4 Re8 24.h4 Qb7 25.h5 Bxe4 26.Rh4 Bf3 27.Qf6+ Kf8 28.g6 hxg6 29.hxg6
Nxg6 30.Nxf3 Nxh4 31.Nxh4 Red8 32.Ng6+ Ke8 33.Bxa6 {#r} 1-0

[Event "Memorial N.Navarro"]
[Site "masterchessopen.com – Santiago (Chile)"]
[Round "1"]
[White "Zapata Marco (CHI)"]
[Black "Godoy David A (CHI)"]
[Result "0-1"]
[WhiteElo "2380"]
[BlackElo "2320"]

1.e4 c5 2.Nf3 d6 3.d4 cxd4 4.Nxd4 Nf6 5.Nc3 Nc6 6.Bg5 e6 7.Qd2 Be7 8.O-O-O a6
9.f4 Bd7 10.Nb3 b5 11.g4 Qb6 12.Bg2 Rd8 13.Qe2 O-O 14.Bxf6 gxf6 15.Nd5 exd5
16.exd5 Ne5 17.fxe5 fxe5 18.h4 f5 19.gxf5 Bxf5 20.Be4 Bxe4 21.Qxe4 Qf2 22.Qg4+
Kh8 23.Rd2 Qf3 24.Qe6 Qxh1+ {#R} 0-1

[Event "Ch World (juniors) (under 20) (g)"]
[Site "masterchessopen.com – Zagan (Poland)"]
[Round "5"]
[White "Murray Gisela (PUR)"]
[Black "Darchia Diana (GEO)"]
[Result "0-1"]
[WhiteElo "2048"]
[BlackElo "2150"]

1.e4 c5 2.Nf3 Nc6 3.d4 cxd4 4.Nxd4 Nf6 5.Nc3 d6 6.Bg5 e6 7.Qd2 a6 8.O-O-O Bd7
9.f4 Be7 10.Be2 h6 11.Bh4 g5 12.fxg5 Nh7 13.Kb1 Ne5 14.Rhf1 Bxg5 15.Bxg5 Qxg5
16.Nf3 Qxd2 17.Rxd2 Nf8 18.Rxd6 Nfg6 19.Nxe5 Nxe5 20.Bh5 Rg8 21.g3 Rg5 22.Be2
Ke7 23.Rdd1 h5 24.Rf4 Rh8 25.Rdf1 Be8 26.Nd1 Ng6 27.R4f2 h4 28.g4 h3 29.Ne3
Ne5 30.Rf4 Rh7 31.Nc4 Ng6 32.R4f2 Bc6 33.Bf3 Bb5 34.b3 Bxc4 35.bxc4 Ne5 36.Be2
Nxg4 37.Bxg4 Rxg4 38.Re1 Rg2 39.Ree2 Rhg7 40.Kb2 Rxf2 41.Rxf2 Rg2 42.Rf1 Rxh2
43.Re1 Rg2 44.Kc3 h2 45.Rh1 Kd6 46.Kd3 Ke5 47.a4 Kf4 {#R} 0-1

[Event "It (open)"]
[Site "masterchessopen.com – Zagreb (Croatia)"]
[Round "6"]
[White "Vadla Zeljko (CRO)"]
[Black "Sale Srdjan (CRO)"]
[Result "0-1"]
[WhiteElo "2177"]
[BlackElo "2425"]

1.e4 c5 2.Nf3 d6 3.d4 cxd4 4.Nxd4 Nf6 5.Nc3 Nc6 6.Bg5 e6 7.Qd2 a6 8.O-O-O Bd7
9.f4 Be7 10.Nf3 b5 11.Bd3 b4 12.Ne2 Qc7 13.Kb1 a5 14.Rhf1 O-O 15.Ned4 Rfd8
16.Qe1 Nxd4 17.Nxd4 h6 18.Bh4 e5 19.fxe5 dxe5 20.Nf5 Bxf5 21.Rxf5 Rac8 22.Qf1
a4 23.Bg3 Ng4 24.Qf3 g6 25.Rxf7 Rxd3 26.Qxd3 Kxf7 {#R} 0-1

[Event "It (open) \"]
[Site "masterchessopen.com – Baden (Switzerland)"]
[Round "6"]
[White "Hitzgerova Gabriela (CZE)"]
[Black "Joncic Dragan (SUI)"]
[Result "1-0"]
[WhiteElo "2210"]
[BlackElo "1927"]

1.e4 c5 2.Nf3 d6 3.d4 cxd4 4.Nxd4 Nf6 5.Nc3 Nc6 6.Bg5 e6 7.Qd2 Be7 8.O-O-O a6
9.f4 Bd7 10.Nf3 Qc7 11.e5 dxe5 12.fxe5 Nd5 13.Bxe7 Ncxe7 14.Ne4 Nc8 15.Kb1 b5
16.Bd3 b4 17.Rhf1 Rb8 18.Ka1 h6 19.Qf2 Bb5 20.Nd4 Bxd3 21.Rxd3 Rb6 22.g4 g6
23.c4 bxc3 24.Nxc3 Nxc3 25.Rxc3 {#r} 1-0